000 00612nam a2200241 a 4500
001 nice12345678
003 IN_TiNIC
005 20260116012701.0
008 050524s1980 usaa grp 000 0 eng
020 _a0860653
_c25
082 0 0 _a234
_bCOT
100 _aCotterell, Peter
245 _aI Want to Know What the Bible Says About Personal Salvation
260 _aUSA
_bKingsway Publications
_c1980
300 _a126p
500 _aincludes index and biblioraphy
505 2 _aIndex
650 _aSalvation
700 1 _aCotterell, Peter
902 _bSRS
942 _cBK
999 _c7940
_d7940